Histoire des locations perpétuelles et des baux a longue durée
Gespeichert in:
| 1. Verfasser: | |
|---|---|
| Format: | Buch |
| Sprache: | Französisch |
| Veröffentlicht: |
París
L. Larose
1879
|
| Schlagworte: | |
| Tags: |
Tag hinzufügen
Keine Tags, Fügen Sie den ersten Tag hinzu!
|
MARC
| LEADER | 00000nam a2200000 a 4500 | ||
|---|---|---|---|
| 001 | UCS3316 | ||
| 003 | CL-VaPUC | ||
| 008 | 970620e18790000FR |||||||||||||||||fre|d | ||
| 082 | 0 | 4 | |a 346.04 |b GAR |2 21 |
| 100 | 0 | |a Garsennet, E |e author |9 389341 | |
| 245 | 1 | 0 | |a Histoire des locations perpétuelles et des baux a longue durée |
| 300 | |a 648 p | ||
| 942 | |c BK | ||
| 945 | |d 19970620 00:00:00 |a lriquelm | ||
| 260 | |a París |b L. Larose |c 1879 | ||
| 650 | 0 | |a Propiedad |9 255268 | |
| 650 | 0 | |a Derecho romano |9 255930 | |
| 650 | 7 | |a PROPIEDAD FAMILIAR |2 CL-VaPUC |9 389342 | |
| 650 | 7 | |a TENENCIA DE LA TIERRA |2 CL-VaPUC |9 264417 | |
| 650 | 0 | |a Comunidades |9 337024 | |
| 651 | 0 | |a Europa |9 255156 | |
| 583 | |a last modification |c 19970620 00:00:00 |k Rodrigo Vera | ||
| 999 | |c 261056 |d 261054 | ||
| 952 | |0 0 |1 0 |4 0 |6 346_040000000000000_GAR_1879 |7 0 |8 X |9 287833 |a BIBDER |b BIBDER |d 2019-11-19 |i 186694K |o 346.04 GAR 1879 |p 186694K |r 2023-01-25 |w 2019-11-19 |y BK_X |k DER | ||